Multiple band application of ethephon to increase the drainage area and yield (Record no. 63347)

MARC details
000 -LEADER
fixed length control field 00343nam a2200109Ia 4500
100 ## - MAIN ENTRY--AUTHOR NAME
Personal name Sethuraj M R
245 #0 - TITLE STATEMENT
Title Multiple band application of ethephon to increase the drainage area and yield
260 ## - PUBLICATION, DISTRIBUTION, ETC. (IMPRINT)
Name of publisher IRRDB Scientific Symposium, Indonesia, 1976
Year of publication 1976
700 ## - ADDED ENTRY--PERSONAL NAME
Personal name George M J
942 ## - ADDED ENTRY ELEMENTS (KOHA)
Koha item type Journals
Holdings
Withdrawn status Lost status Damaged status Not for loan Home library Current library Shelving location Date acquired Koha item type
      Journals RRII Library RRII Library Physiology 17/12/2021 Journals